| 000 | 00739nam a2200229 i 4500 | ||
|---|---|---|---|
| 001 | 105586 | ||
| 003 | ES-MaACL | ||
| 005 | 20250911063544.0 | ||
| 007 | t| | ||
| 008 | 060726s1972 fr |||| |bfre d | ||
| 080 | _a929 Durruti, Buenaventura | ||
| 080 | _a94(460)"1902/31" | ||
| 080 | _a94(460)"1931/39" | ||
| 100 | 1 |
_aPaz, Abel, _d1921-2009 _9242234 |
|
| 245 | 1 | 0 |
_aDurruti _b: le peuple en armes / _cAbel Paz. |
| 260 |
_a[S.l.] : _bEditions de la Tète de Feuilles, _c[1972] |
||
| 300 |
_a551 p. ; _c21 cm. |
||
| 600 | 1 | 7 |
_aDurruti, Buenaventura, _d1896-1936 _2embne _9241539 |
| 650 | 4 |
_aAnarquismo- _zEspaña- _y1931-1939. _99791 |
|
| 852 |
_aES-MaACL _jAND-403 _z- Biblioteca Juan Andrade |
||
| 999 |
_c105586 _d105586 |
||